Solidaridad: ¿moneda de cambio o imperativo ético?

Gorde:
Xehetasun bibliografikoak
Egile nagusia: Aranguren Gonzalo, Luis (autor)
Formatua: Liburua
Hizkuntza:gaztelania
Edizioa:2a edición
Saila:(Colección Humanismo cristiano; 4)
Gaiak:
Etiketak: Etiketa erantsi
Etiketarik gabe, Izan zaitez lehena erregistro honi etiketa jartzen!

MARC

LEADER 00000nam^a2200000^u^4500
001 000518171
005 20250625000000.0
008 110630s1000^^^^^^^^^^^^r^^^^^000^0^spa^d
009 20260310130413.195
022 |a 9786077592198 
035 |a FCE 000062402 
037 |a Acervo ITESO - Biblioteca 
041 |a spa 
082 0 4 |a 361.2  |b ARAs 
100 |a Aranguren Gonzalo, Luis  |e (autor) 
245 1 0 |a Solidaridad:  |b ¿moneda de cambio o imperativo ético? 
250 |a 2a edición 
264 |a México :  |b Instituto Mexicano de Doctrina Social Cristiana,  |c 2010. 
300 |a 70 p. 
336 |a texto  |b txt  |2 rdacontenido 
337 |a sin mediación  |b n  |2 rdamedio 
338 |a volumen  |b nc  |2 rdasoporte 
440 1 |a (Colección Humanismo cristiano; 4) 
649 |a XX 
650 |a Acción social 
650 |a Solidaridad 
910 |a Fondo Centro de Estudios Educativos 
920 |a Impresos - Libros 
930 |a Fondos Especiales 
905 |a 133 
901 |a ALE071000  |b IT2  |c CEE  |u 20250521 
902 |a https://opac.biblio.iteso.mx/vufind/Record/000518171